Kingdom Anime/Manga Characters - Statistics

General Stats
  • This quiz has been taken 20 times
  • The average score is 22 of 75
Answer Stats
Hint Answer % Correct
Chief of Qin's administration and legal jurisdictionFormer pillar of the former Chancellor of the State Ri Shi
87%
31st King of QinMain character's friend Ei Sei
73%
Hi Shin Unit LieutenantFormer assassin Former Shiyuu Clan member Kyou Kai
67%
Main CharacterLeader of the Hi Shin Unit General of Qin Friend of the 31st King of Qin Ri Shin
67%
Former Great General of QinMember of the former generation of Qin's Six Great Generals Former owner of the main character's glaive The one who named the Hi Shin Unit "The Monstrous Bird of Qin" Ou Ki
60%
Hi Shin Unit strategistMain character's friend Mountain Tribe member Ka Ryo Ten
53%
Leader of the Gyoku Hou UnitGeneral of Qin Son of one of Qin's Six Great Generals Ou Hon
53%
Great General of QinMember of Qin's Six Great Generals (3rd Great) Head of the main Ou Family Former Vice General of the Haku Rou Army Ou Sen
53%
Member of Zhao Kingdom's Three Great HeavensCommander in Chief of the Zhao Kingdom's Army Great General of Zhao Architect of the Coalition Army Former Prime Minister of Zhao Ri Boku
53%
Former Great General of QinFormer member of Qin's Six Great Generals (5th Great) "The Beheader" Former Vice General of the Haku Rou Army Former Leader of Mountain Bandits Kan Ki
47%
Great General of QInMember of Qin's Six Great Generals (1st Great) Head of the Mou Family Son of Haku Rou Former pillar of the former Chancellor of the State Mou Bu
47%
Leader of the Gaku Ka UnitGeneral of Qin Son of one of Qin's Six Great Generals Grand child of "Haku Rou" Mou Ten
47%
Head of Military AffairsQin's Chancellor of the right Former pillar of the former Chancellor of the State Shou Hei Kun
47%
Great General of QinFormer member of Qin's Six Great Generals (2nd Great) Former right hand of the former Tou
47%
1st Lieutenant (Chronologically) of the Hi Shin Unit5000 Man Commander of Qin Former liason agent between the main character and Kanyou En
40%
Former Great General of ZhaoFormer Member of Zhao Kingdom's Three Great Heavens "Bushin" Hou Ken
40%
Prime Minister of ChuGreat General of Chu Second Commander of Chu Kingdom's Army Ka Rin
40%
Former Great General of QinFormer head of the Mou Family Father of one of Qin's Six Great Generals "Haku Rou" Mou Gou
40%
Son of the formerGrandchild of Haku Rou Strategist of the former's army Mou Ki
40%
Former Chancellor of the State of QinFormer Chancellor of the right Former merchant Ryo Fui
40%
Qin's Chancellor of the left Shou Bun Kun
40%
Member of Qin's Six Great Generals (4th Great)Leader of the Confederation of Xirong mountain tribes King of the mountains "Lord of Death" Friend of the main character & Qin's king "Da Shang Zhao" Yo Tan Wa
40%
Former Qin GeneralFormer 1st Division Commander of the former's army A Kou
33%
Right hand of the formerCommander of the Mountain Tribe Cavalry "Blade of the Mountain King" Bajio
33%
General of Zhao"Demon of Ganmon" Member of the former's army Ba Nan Ji
33%
Former Great General of QinFormer Duke of Qin Duke Hyou
33%
Member of the Zhao army commander in chief's armyCommander of the bodyguards squad Kaine
33%
General of Qin3rd Commander of the former's army Kan Ou
33%
Adoptive sister of the formerHi Shin Unit member Member of the former's unit Kyou Rei
33%
Former General of QinRight Hand of the former Former Commander of the former's army Former Mountain Bandit Rai Do
33%
Half brother of the former Sei Kyou
33%
300 Man Commander of QinVeteran Hi Shin Unit Member Brother of the Latter Bi Hei
27%
Queen MotherHead of the Royal Harem faction Former lover of the former Chancellor of the State Bi Ki
27%
Former Qin General Former 2nd Division Commander of the same army as the former Former 3rd Division Commander of the same army as the former Den Ri Mi
27%
2000 Man Commander of QinVeteran Commander of the Hi Shin Unit Den Yuu
27%
Hi Shin Unit CommanderRed Hi Hyou Commander Former member of the former's army Ga Ro
27%
Great General of WeiMember of the 2nd Generation of the Seven Fire Dragons Go Hou Mei
27%
General of QinMain character and King of Qin's friend Heki
27%
Former Qin General Former 2nd Division Commander of the same army as the former Ma Kou
27%
Former Commander of the same army as the formerFormer counsellor of The Beheader Former Mountain Bandit Ma Ron
27%
Great General of ChuFormer member of Zhao's Three Great Heavens Exiled from the Wei Kingdom Ren Pa
27%
Brother of the formerKing of Qin's body double Ri Hyou
27%
General of QinRight hand of the former 1st Commander of the former's army Roku O Mi
27%
Great General of ZhaoMember of Zhao Kingdom's Three Great Heavens "Lord of Seika" Shi Ba Shou
27%
General of Zhao"The Orphan of the North" Member of the Zhao army commander in chief's army Shun Sui Ju
27%
General of ZhaoMember of the Zhao army commander in chief's army Commander of bodyguards squad Fu Tei
20%
Great General of WeiMember of the 1st Generation of the Seven Fire Dragons Gai Mou
20%
Former Hi Shin Unit CommadnerFormer Commander of Black Hi Hyou Former member of the same army as the former Gaku Rai
20%
General of ChuMember of China's Ten Bows Former member of the former's army Haku Rei
20%
Former Head of the Mera TribeFormer commander of the Mountain Tribe Army Brother of the former Katari
20%
Head of the Mera TribeCommander of the Mountain Tribe Army Sister of the latter Kitari
20%
Former member of the Hi Shin UnitFormer member of "The Beheader's" Army Former Mountain Bandit Na Ki
20%
Prime Minister of Chu Ri En
20%
Former General of Chu Rin Bu Kun
20%
Former Great General of WeiFormer member of the Seven FIre Dragons Shi Ei
20%
Qin General4th Division Commander of the same army as the former Sou'Ou
20%
Left hand of the Mountain KIngCommander of the Mountain Tribe Army Tajifu
20%
Member of the Gyoku Hou UnitFormer member of one of Qin Six Great General's Army A Ka Kin
13%
Former member of the Hi Shin UnitBrother of the former Bi Tou
13%
Former General of ZhaoFormer right hand of the Zhao army commander in chief "The Silent Hunter" Kei Sha
13%
Former General of QinFormer Commander of the same army as the former Former Mountain Bandit Koku'Ou
13%
Former General of QinFormer Lieutenant of The Beheader Former Mountain Bandit Rin Gyoku
13%
Former General of WeiFormer member of the Four Heavenly Kings like the former Rin Ko
13%
General of Qin2nd Commander of the former's army Ryuu Koku
13%
Former 100 Man Commander of QinFormer Lieutenant Commander of the Hi Shin Unit Infantry Shou Sa
13%
Former Head of Chu's Military AffairsArchitect of the Coalition Army Shun Shin Kun
13%
Member of the Hi Shin Unit5000 Man Commander of Qin So Sui
13%
100 Man Commander of QinMember of the Hi Shin Unit's Bow Squad Brother of the latter Sou Jin
13%
50 Man Commander of QinMember of the Hi Shin Unit Bow Squad Brother of the former Sou Tan
13%
3000 Man Commander of QInHi Shin Unit Infantry Commander Suu Gen
13%
General of ChuMember of the former's Four Heavenly Kings Kai Shi Bou
7%
Great General of ChuFirst Commander of Chu Kingdom's Army "Tiger of Chu" Kou En
7%
General of Chu"The Thunder" Former member of the same army as the former Kou Yoku
7%
1000 Man Commander of QinVeteran Commander of the Hi Shin Unit Ryuu Sen
7%
General of Chu Member of the Four Heavenly Kings like the former Member of China's Ten Bows Kyou En
0%
No matching quizzes found
Score Distribution
Percent of People with Each Score
Percentile by Number Answered
Your Score History
You have not taken this quiz